Analytical aspectes of hydroxypyridines / (Record no. 127639)

MARC details
000 -LEADER
fixed length control field 00811nam a22002537a 4500
005 - DATE AND TIME OF LATEST TRANSACTION
control field 20170124110028.0
010 ## - LIBRARY OF CONGRESS CONTROL NUMBER
LC control number A-604899
020 ## - INTERNATIONAL STANDARD BOOK NUMBER
Terms of availability 00.00
International Standard Book Number 8170030846
035 ## - SYSTEM CONTROL NUMBER
System control number A-604899
037 ## - SOURCE OF ACQUISITION
Source of stock number/acquisition Cen Lib/Ret
040 ## - CATALOGING SOURCE
Original cataloging agency DPL
Language of cataloging EN
082 ## - DEWEY DECIMAL CLASSIFICATION NUMBER
Classification number 543
Item number SIN
100 ## - MAIN ENTRY--PERSONAL NAME
Personal name Sindhu, R.S.
9 (RLIN) 21088
245 ## - TITLE STATEMENT
Title Analytical aspectes of hydroxypyridines /
Statement of responsibility, etc by R.S. Sindhu, S.P. Mathur [and] M. Satake
260 ## - PUBLICATION, DISTRIBUTION, ETC. (IMPRINT)
Place of publication, distribution, etc New Delhi
Name of publisher, distributor, etc South Asian Publication
Date of publication, distribution, etc 1987
270 ## - ADDRESS
Address 36, Netaji Subhash Marg, Daryaganj
City New Delhi
Postal code 110002
300 ## - PHYSICAL DESCRIPTION
Extent 96p. :
Dimensions 22cm(Hb)
Other physical details ill.
500 ## - GENERAL NOTE
General note Includes bibliographical references and index.
650 ## - SUBJECT ADDED ENTRY--TOPICAL TERM
Topical term or geographic name as entry element Hydroxypyridines
9 (RLIN) 21089
650 ## - SUBJECT ADDED ENTRY--TOPICAL TERM
Topical term or geographic name as entry element Science
9 (RLIN) 10795
700 ## - ADDED ENTRY--PERSONAL NAME
Personal name Mathur, S.P.
9 (RLIN) 21086
700 ## - ADDED ENTRY--PERSONAL NAME
Personal name Satake, M.
9 (RLIN) 21087
942 ## - ADDED ENTRY ELEMENTS (KOHA)
Source of classification or shelving scheme Dewey Decimal Classification
Koha item type English Books
Classification part 543
Call number suffix SIN
Holdings
Withdrawn status Lost status Damaged status Not for loan Home library Current library Date acquired Source of acquisition Cost, normal purchase price Total Checkouts Full call number Barcode Date last seen Copy number Cost, replacement price Price effective from Koha item type
        Central Library Central Library 30/06/2015 Cen Lib/Ret 0.00   543 SIN A-604899 30/06/2015 1 0.00 30/06/2015 English Books

© Delhi Public Library
Hit Counter
free hit counter